| 000 | 00562nam a2200241 a 4500 | ||
|---|---|---|---|
| 001 | nice12345678 | ||
| 003 | IN_TiNIC | ||
| 005 | 20260116012214.0 | ||
| 008 | 050524s1977 lona grp 000 0 eng | ||
| 020 |
_a0706273 _c100 |
||
| 082 | 0 | 0 |
_a294.6 _bCOL |
| 100 | _aCole, W Owen | ||
| 245 | _aSikhism | ||
| 260 |
_aLondon _bWard Lock Educational Limited _c1977 |
||
| 300 | _a48p | ||
| 500 | _aincludes index and biblioraphy | ||
| 505 | 2 | _aindex | |
| 650 | _aSikhism | ||
| 700 | 1 | _aCole, W Owen | |
| 902 | _bSRS | ||
| 942 | _cBK | ||
| 999 |
_c6073 _d6073 |
||